Matters. Intermediate: Teacher's Book

Podrobná bibliografie
Hlavní autor: Bell J. Jan
Další autoři: Gower R. Roger
Jazyk:angličtina
Vydáno: Longman, 2000
Témata:
Médium: Kniha
KOHA link:https://koha.lib.tpu.ru/cgi-bin/koha/opac-detail.pl?biblionumber=22257

MARC

LEADER 00000nam0a2200000 4500
001 22257
005 20231030194606.0
010 |a 0582273544 
035 |a (RuTPU)RU\TPU\book\22469 
035 |a BOOK00000231 
090 |a 22257 
100 |a 20011209d2000 m y0engy50 ba 
101 0 |a eng 
102 |a GB 
105 |a y j 000zy 
200 1 |a Matters. Intermediate  |e Teacher's Book  |f J. Bell, R. Gower 
210 |c Longman  |d 2000 
215 |a 160 p. 
610 1 |a английский язык 
610 1 |a разговорная речь 
610 1 |a учебные пособия 
610 1 |a методика 
610 1 |a преподавание 
686 |a Ш143.21-923.4  |v LBC/SL-A  |2 rubbk 
700 1 |a Bell  |b J.  |g Jan 
701 1 |a Gower  |b R.  |g Roger 
801 0 |a RU  |b 63413507  |c 20011209  |g PSBO 
801 2 |a RU  |b 63413507  |c 20150603  |g PSBO 
942 |c BK